00751nam a2200217Ia 4500003000900000008004100009020002200050040001600072080001500088100002400103245007200127250001200199260004800211300001500259650002900274650003200303650002800335942000700363999001700370952014600387IN-BaIIA211028s9999 xx 000 0 eng d a978-0-521-06681-5 cIIA Library a524-1bGRA aGray, David F98601 4aThe Observation and analysis of stellar photospherescDavid F. Gray a3rd ed. aCambridgebCambridge University Pressc2005 axvi, 533p. aFourier transforms92808 aStellar photospheres918477 aStellar rotation910198 cBK c18116d18116 00104070aBANbBANcGENd2011-09-05eFBB g2758.00l3m2o524-1/ GRAp19038r2024-11-13s2022-10-27v2758.00w2011-09-05yBKGRs. 2758.00